Vyprávění z hory Kumo /

Hlavní autor: Kim, Si-sup, 1435-1493
Další autoři: Bařinka, Jaroslav, 1931-2020, Sklenář, Zdeněk, 1910-1986
Jazyk: Čeština
Vydáno: Praha : Odeon, 1973
Vydání: 1. vyd.
Externí odkaz: Digitalizovaný dokument
Fyzický popis: 141 s.
Knihy
Uloženo v:
LEADER 01229nam a2200289 a 4500
001 000351579
003 CZ BrMZK
005 20140716080400.0
007 ta
008 010907s1973 xr f cze d
015 |a cnb000296526 
035 |a (OCoLC)42158621 
040 |a BOA001  |b cze 
041 1 |a cze  |h chi  |h kor 
100 1 |a Kim, Si-sup,  |d 1435-1493  |7 kup19980000048131  |4 aut 
245 1 0 |a Vyprávění z hory Kumo /  |c Kim Si-Sup ; z korejskočínského originálu podle různých vydání přeložil, předmluvou a poznámkami opatřil Jaroslav Bařinka ; ilustroval Zdeněk Sklenář 
250 |a 1. vyd. 
260 |a Praha :  |b Odeon,  |c 1973 
300 |a 141 s. 
700 1 |a Bařinka, Jaroslav,  |d 1931-2020  |7 jk01011044  |4 trl 
700 1 |a Sklenář, Zdeněk,  |d 1910-1986  |7 jk01111532  |4 ill 
765 0 |t Kum' o sinhwa  |9 Česky 
856 4 1 |u http://www.digitalniknihovna.cz/mzk/uuid/uuid:44ac3a70-0cd6-11e4-8f64-005056827e52  |y Digitalizovaný dokument  |x NDK 
910 |a BOA001  |b PK-A-0014.048  |b 1-0704.358 
990 |a BK 
996 6 |b 2619919776  |c 1-0704.358  |l MZK  |r Sklad / do 1 hodiny  |n 6  |w 000351579  |u 000020  |a 1  |e BOA001  |j MZK50  |s P 
996 7 |b 3119807844  |c PK-A-0014.048  |l MZK  |r Sklad / do 1 hodiny  |n 2  |w 000351579  |u 000010  |a 1  |e BOA001  |j MZK50  |s A